000 00582nam a2200205Ia 4500
005 20260429112055.0
008 260429s9999||||xx |||||||||||||| ||und||
020 _a9789354791871
041 _aEnglish
082 _a658.45
_bQUI
100 _aQuintanilla, Kelly M.
245 0 _aBusiness and professional communication :
_bkeys for workplace excellence /
_cKelly M. Quintanilla
250 _a4th ed.
260 _aNew Delhi :
_bSage,
_c2024.
300 _axxxiii, 500 p.; pbk
650 _a Communication
650 _aBusiness
700 _a Wahl, Shawn T.
942 _cTB
999 _c52212
_d52212